[Event "Comet Open Titled Winners"]
[Site "chess.com INT"]
[Date "2025.10.19"]
[Round "6.4"]
[White "Lazavik,Denis"]
[Black "Nakamura,Hi"]
[Result "1/2-1/2"]
[WhiteElo "2605"]
[BlackElo "2816"]

1.Nf3 Nf6 2.b3 d5 3.Bb2 Bf5 4.Nh4 Bc8 5.g3 g6 6.Bg2 Bg7 7.O-O O-O 8.Nf3 c5
9.e3 Nc6 10.c4 b6 11.cxd5 Nxd5 12.Bxg7 Kxg7 13.a3 Bb7 14.Qc2 Nf6 15.Qb2 Qc7
16.Nc3 Rad8 17.b4 c4 18.Rfc1 Qb8 19.Ne4 b5 20.Nc5 Ba8 21.a4 Kg8 22.Na6 Qb6
23.axb5 Qxb5 24.Nc7 Qxb4 25.Qxb4 Nxb4 26.Nxa8 Rxa8 27.Rxc4 a5 28.Ne5 Rac8
29.Rxa5 Rxc4 30.Nxc4 Nd3 31.h3 Kg7 32.Ra8 Rxa8 33.Bxa8 Nd7 34.Kf1 N7c5 35.Bf3 f5
36.Be2 e5 37.Bxd3 Nxd3 38.Na3 Kf6 39.Nc2 e4 40.Ne1 Ne5 41.Ke2 g5 42.d3 exd3+
43.Nxd3 Nf7 44.Nc5 h5 45.h4 gxh4 46.gxh4 Ne5 47.Nd3 Ng6 48.Nf4 Nxf4+ 49.exf4 Ke6
50.Ke3 Kd5 51.Kd3 Kc5 52.Kc3 Kd5 53.f3 Kc5 54.Kd3 Kd5 55.Kc2 Kc4 56.Kd2 Kd4
57.Ke2 Kc4 58.Kd2 Kd4 59.Ke2 Kc4 60.Kd2  1/2-1/2

[Event "Comet Open Titled Winners"]
[Site "chess.com INT"]
[Date "2025.10.19"]
[Round "6.1"]
[White "Nakamura,Hi"]
[Black "Lazavik,Denis"]
[Result "1-0"]
[WhiteElo "2816"]
[BlackElo "2605"]

1.c4 Nf6 2.Nc3 e5 3.d3 Bb4 4.Bd2 O-O 5.g3 d5 6.cxd5 Nxd5 7.Bg2 Bxc3 8.bxc3 Nc6
9.Nf3 h6 10.O-O Nf6 11.Rb1 e4 12.Ne1 exd3 13.Nxd3 Re8 14.Re1 Ne4 15.Qc2 Qf6
16.Qc1 b6 17.Nf4 Bf5 18.Nd5 Qd6 19.Ne3 Bh7 20.Rd1 Qc5 21.Be1 Rad8 22.Qb2 Na5
23.Qb4 Qe5 24.Rbc1 c5 25.Qa4 Nf6 26.c4 Be4 27.Bxa5 bxa5 28.Rxd8 Rxd8 29.Qxa5 Re8
30.Qc3 Qe6 31.Rd1 Bxg2 32.Kxg2 Ne4 33.Qd3 Ng5 34.Qd5 Qh3+ 35.Kg1 Ne4 36.Qd7 Re6
37.Ng2 g5 38.Qc8+ Kg7 39.Rd8 Qf5 40.Rg8+ Kf6 41.Qd8+ Re7 42.f3 Nc3 43.Ne3 Qd7
44.Ng4+ Ke6 45.Qa8 Nxe2+ 46.Kg2 Nd4 47.Rd8 Qc6 48.Nf2 Qxa8 49.Rxa8 Rb7 50.Nd3 Rb2+
51.Nxb2  1-0

[Event "Titled Tue 21st Oct 2025"]
[Site "chess.com INT"]
[Date "2025.10.21"]
[Round "1"]
[White "Nakamura,Hi"]
[Black "Schekachikhin,Maksim"]
[Result "0-1"]
[WhiteElo "2816"]
[BlackElo "2331"]

1.e4 c5 2.Nf3 e6 3.c3 d5 4.exd5 Qxd5 5.d4 Nf6 6.Na3 a6 7.Nc4 Nbd7 8.a4 b6
9.Ne3 Qc6 10.Be2 Bb7 11.O-O Be7 12.Re1 O-O 13.Bf1 Rad8 14.Nc2 Qc7 15.h3 h6
16.g3 Rfe8 17.Bg2 cxd4 18.Ncxd4 Bf8 19.Qe2 Nc5 20.Bf4 Qc8 21.Ne5 Bxg2 22.Kxg2 Nd5
23.Bc1 Qb7 24.Qf3 Bd6 25.Nc4 Nd3 26.Rd1 Ne5 27.Nxd6 Rxd6 28.Qe4 f5  0-1

[Event "Titled Tue 21st Oct 2025"]
[Site "chess.com INT"]
[Date "2025.10.21"]
[Round "2"]
[White "Oyungerel Sharavdorj"]
[Black "Nakamura,Hi"]
[Result "0-1"]
[WhiteElo "1944"]
[BlackElo "2816"]

1.d4 Nf6 2.c4 g6 3.Nc3 Bg7 4.e4 d6 5.Be2 O-O 6.Nf3 e5 7.O-O Nc6 8.d5 Ne7
9.Nd2 Ne8 10.b4 f5 11.c5 Nf6 12.f3 f4 13.Nc4 g5 14.Nb5 Ne8 15.Bd2 h5 16.Be1 Ng6
17.Bf2 a6 18.Nc3 Rf7 19.cxd6 Nxd6 20.a4 Bf8 21.b5 Nxc4 22.Bxc4 Bd6 23.Rb1 g4
24.b6 g3 25.hxg3 fxg3 26.Bxg3 Rg7 27.Qe2 cxb6 28.Nd1 Bc5+ 29.Kh1 Nf4 30.Qe1 Qg5
31.d6+ Kh8 32.Rb2 Qxg3 33.Qxg3 Rxg3 34.Rd2 Bd7  0-1

[Event "Titled Tue 21st Oct 2025"]
[Site "chess.com INT"]
[Date "2025.10.21"]
[Round "3"]
[White "Nakamura,Hi"]
[Black "Ruiz Vazquez,Javier"]
[Result "1-0"]
[WhiteElo "2816"]
[BlackElo "2226"]

1.e4 c6 2.d4 d5 3.exd5 cxd5 4.Nf3 Nc6 5.c4 e6 6.Nc3 Nf6 7.c5 a6 8.a3 Be7
9.Bd3 O-O 10.b4 Re8 11.O-O Qc7 12.Re1 Bf8 13.Bg5 Nd7 14.Nxd5 Qb8 15.Bf4 exd5
16.Bxb8 Rxe1+ 17.Qxe1 Rxb8 18.a4 Nf6 19.b5 axb5 20.axb5 Ne7 21.Qe5 Nd7 22.Qc7  1-0

[Event "Titled Tue 21st Oct 2025"]
[Site "chess.com INT"]
[Date "2025.10.21"]
[Round "4"]
[White "Dilanian,G"]
[Black "Nakamura,Hi"]
[Result "0-1"]
[WhiteElo "2206"]
[BlackElo "2816"]

1.e4 g6 2.d4 c6 3.Nc3 d5 4.e5 b6 5.f4 Nh6 6.Nf3 Ba6 7.Bxa6 Nxa6 8.O-O e6
9.Ne2 Qd7 10.a4 c5 11.c3 Nf5 12.g4 Ne7 13.a5 b5 14.dxc5 h5 15.gxh5 Nxc5 16.hxg6 Nxg6
17.f5 exf5 18.Bg5 Ne4 19.Ned4 f4 20.Bf6 Qg4+ 21.Kh1 Ng3+ 22.Kg2 Nxf1+ 23.Kxf1 Rh3
24.Qd3 a6 25.Re1 Bc5 26.Kf2 Bxd4+ 27.cxd4 Rc8 28.e6 Rc2+ 29.Re2 Rxe2+ 30.Qxe2 fxe6
31.Qd3 Qf5 32.Qc3 Qxf6 33.Qc8+ Kf7 34.Qd7+ Kg8 35.Qe8+ Kg7 36.Qd7+ Kh6  0-1

[Event "Titled Tue 21st Oct 2025"]
[Site "chess.com INT"]
[Date "2025.10.21"]
[Round "5"]
[White "Nakamura,Hi"]
[Black "Yeganegi,Barad"]
[Result "1-0"]
[WhiteElo "2816"]
[BlackElo "2386"]

1.e4 e5 2.Nf3 Nc6 3.Nc3 Nf6 4.Nd5 Be7 5.Bd3 d6 6.Nxe7 Qxe7 7.O-O Bg4 8.c3 O-O
9.h3 Bh5 10.Re1 Qd7 11.Bb5 Rfe8 12.Ba4 a6 13.d3 b5 14.Bb3 h6 15.Qe2 d5 16.Bd1 Rad8
17.Qc2 dxe4 18.dxe4 Bg6 19.Nd2 Nh5 20.Nb3 Nf4 21.Nc5 Qe7 22.Nxa6 Nd3 23.Re3 Nxc1
24.Qxc1 Ra8 25.Nb4 Nxb4 26.cxb4 Qxb4 27.Bb3 c5 28.Bd5 Rab8 29.Rd3 c4 30.Rg3 Kh7
31.h4 Qc5 32.Qd1 Qd4 33.Qf3 Qxb2 34.Rf1 Kh8 35.h5 Bh7 36.Rxg7 Bg8 37.Qf6 Rb6
38.Rxg8+ Kxg8 39.Qxf7+ Kh8 40.Qxe8+  1-0

[Event "Titled Tue 21st Oct 2025"]
[Site "chess.com INT"]
[Date "2025.10.21"]
[Round "6"]
[White "Mahdavi,Reza"]
[Black "Nakamura,Hi"]
[Result "0-1"]
[WhiteElo "2492"]
[BlackElo "2816"]

1.e4 g6 2.d4 Bg7 3.Nc3 d6 4.Nf3 Nf6 5.Be2 O-O 6.O-O Nc6 7.d5 Nb8 8.Re1 c6
9.Be3 Bg4 10.h3 Bxf3 11.Bxf3 Nbd7 12.Be2 Nb6 13.a4 a5 14.Ra3 Nbd7 15.f4 Qc7
16.Kh2 Rfe8 17.Bf3 e5 18.Qd2 exf4 19.Bxf4 Ne5 20.Be2 Rad8 21.Rb3 Nfd7 22.Rf1 Nc5
23.Ra3 Qe7 24.Bg5 f6 25.Bf4 Kh8 26.Raa1 Nf7 27.Rae1 Nd7 28.Bg4 Nde5 29.Be6 Ng5
30.Bxg5 fxg5 31.b3 g4 32.Ne2 gxh3 33.Bxh3 c5 34.Nf4 Bh6 35.Nxg6+ hxg6 36.Qxh6+ Qh7
37.Qg5 Rf8 38.Rf6 Ng4+ 39.Qxg4 Rxf6 40.e5 dxe5 41.Rxe5 Qc7 42.Qg3 Kg7 43.c4 b6
44.Be6 Rh8+ 45.Kg1 Qd6 46.Re3 Qxg3 47.Rxg3 Rh4 48.Re3 Rd4 49.Bh3 g5 50.Bc8 Kg6
51.Kh2 Rff4 52.Re6+ Rf6 53.Re8 Rd3 54.Rg8+ Kh6 55.Be6 Rxb3 56.d6 Rxe6 57.d7 Rd3
58.d8=Q Rxd8 59.Rxd8 Kh5 60.Kg3 Re3+ 61.Kf2 Re4 62.Rd6 Rxc4 63.Rxb6 Rxa4
64.Kg3 Rb4 65.Rc6 c4 66.Kh3 Rb3+ 67.g3 g4+ 68.Kg2 c3 69.Rc5+ Kg6 70.Kf2 a4
71.Ke3 a3 72.Kf4 Rb4+ 73.Ke3 Ra4  0-1

[Event "Titled Tue 21st Oct 2025"]
[Site "chess.com INT"]
[Date "2025.10.21"]
[Round "7"]
[White "Nakamura,Hi"]
[Black "Zhigalko,S"]
[Result "1-0"]
[WhiteElo "2816"]
[BlackElo "2572"]

1.e4 c5 2.c3 Nf6 3.e5 Nd5 4.Nf3 Nc6 5.Bc4 Nb6 6.Bb3 c4 7.Bc2 d6 8.exd6 Qxd6
9.b3 Qe6+ 10.Qe2 Qxe2+ 11.Kxe2 Bg4 12.h3 Bxf3+ 13.Kxf3 e6 14.Na3 O-O-O 15.Nxc4 Nxc4
16.bxc4 Ne5+ 17.Ke2 Nxc4 18.d3 Nb6 19.Rb1 Nd5 20.Bd2 Bd6 21.g3 Rd7 22.Rb3 Rc7
23.Rhb1 Rd8 24.d4 Nb6 25.Be4 f5 26.Bd3 g6 27.g4 Nd5 28.gxf5 gxf5 29.Kf3 Nb6
30.a4 Nxa4 31.Ra1 Nb6 32.Rxa7 Nd5 33.Ra8+ Kd7 34.Rxd8+ Kxd8 35.c4 Ne7 36.c5 Nc6
37.cxd6 Nxd4+ 38.Ke3 Nxb3 39.dxc7+ Kxc7 40.Bb4 Kc6 41.Bc4 Nc5 42.Bxc5 Kxc5
43.Bxe6 b5 44.Bxf5  1-0

[Event "Titled Tue 21st Oct 2025"]
[Site "chess.com INT"]
[Date "2025.10.21"]
[Round "8"]
[White "Theodorou,Nikolas"]
[Black "Nakamura,Hi"]
[Result "0-1"]
[WhiteElo "2652"]
[BlackElo "2816"]

1.Nf3 Nf6 2.g3 d5 3.Bg2 Bf5 4.O-O e6 5.b3 h6 6.Bb2 c6 7.d3 Be7 8.Nc3 O-O
9.Nd2 Nbd7 10.e4 Bh7 11.Kh1 a5 12.a4 Nc5 13.Qe2 Na6 14.f4 Nb4 15.Rac1 Re8
16.e5 Nd7 17.g4 f6 18.exf6 Bxf6 19.Nf3 e5 20.f5 e4 21.dxe4 Bxc3 22.Bxc3 Na2
23.Qd2 Nxc1 24.e5 Na2 25.Bb2 Nc5 26.e6 Ne4 27.Qf4 Nb4 28.Ne5 Qg5 29.Qf3 Nd2
30.Qc3 Nxf1 31.Nf7 Qf6 32.Qxf6 gxf6 33.Bxf6 Ne3 34.Nxh6+ Kf8 35.Bh3 Nbxc2
36.Be5 Rad8 37.Nf7 d4 38.Nxd8 Rxd8 39.f6 Nd5 40.g5 d3 41.Bg4 Bg6 42.h4 Nce3
43.Bf3 d2 44.Kg1 d1=Q+ 45.Bxd1 Nxd1 46.e7+ Nxe7 47.fxe7+ Kxe7 48.Bf6+ Ke8
49.Bxd8 Kxd8 50.Kg2 Bc2 51.Kf3 Bxb3 52.h5 Ke7 53.Kf4 Bxa4 54.Ke5 Bc2 55.g6 Bxg6
56.hxg6 a4 57.Kd4 a3 58.g7 Kf7 59.Kc4 a2 60.g8=B+ Kxg8  0-1

[Event "Titled Tue 21st Oct 2025"]
[Site "chess.com INT"]
[Date "2025.10.21"]
[Round "9"]
[White "Nakamura,Hi"]
[Black "Maghsoodloo,Parham"]
[Result "1-0"]
[WhiteElo "2816"]
[BlackElo "2697"]

1.e4 e5 2.Nf3 Nc6 3.Nc3 Nf6 4.Nd5 h6 5.c3 a6 6.Bd3 Bc5 7.Bc2 d6 8.Ne3 O-O
9.O-O b5 10.b4 Bb6 11.a4 Bd7 12.Re1 Re8 13.h3 Ne7 14.Nf1 Ng6 15.Ng3 c5 16.bxc5 dxc5
17.d3 c4 18.dxc4 bxc4 19.Be3 Ba5 20.Bd2 Bc6 21.Nf5 Qc7 22.Qc1 Re6 23.Bxh6 gxh6
24.Qxh6 Ne8 25.Ng5 Nf8 26.Nxe6 fxe6 27.Re3 exf5 28.Rg3+ Kf7 29.exf5 Qd6 30.Qh4 e4
31.Qh5+ Ke7 32.f6+ Nxf6 33.Qxa5 Ne6 34.Rd1 Qc5 35.Rg7+ Kf8 36.Qxc5+ Nxc5
37.Rg6 Ke7 38.Rxf6 Kxf6 39.Rd6+ Ke5 40.Rxc6 Kd5 41.Rb6 Re8 42.h4 e3 43.fxe3 Rxe3
44.h5 Nd3 45.h6 Re7 46.Rxa6 Ke4 47.Rf6 Ke3 48.Bd1 Kd2 49.Bh5 Kxc3 50.Bg6 Ne5
51.Bf5 Re8 52.h7 Rh8 53.a5 Kd4 54.a6 c3 55.a7 Nc4 56.Rg6 Rxh7 57.Rg4+ Kc5
58.Rxc4+  1-0

[Event "Titled Tue 21st Oct 2025"]
[Site "chess.com INT"]
[Date "2025.10.21"]
[Round "10"]
[White "Nakamura,Hi"]
[Black "Pranesh,M"]
[Result "1-0"]
[WhiteElo "2816"]
[BlackElo "2630"]

1.e4 Nc6 2.Nf3 e5 3.Nc3 Nf6 4.Nd5 Bc5 5.c3 d6 6.d4 exd4 7.cxd4 Bb6 8.Bg5 Ba5+
9.Nc3 h6 10.Bxf6 Qxf6 11.Bb5 O-O 12.O-O Ne7 13.h3 c6 14.Bd3 Ng6 15.Bc2 Re8
16.Re1 Be6 17.Re3 Rad8 18.a3 Nf4 19.Kh2 c5 20.d5 Bd7 21.Rb1 c4 22.Nd2 b5
23.Qf3 Bb6 24.Ree1 Re5 25.Ne2 Nh5 26.Qxf6 Nxf6 27.f4 Re7 28.Nc3 Rde8 29.Rbd1 Nh5
30.Rf1 g5 31.e5 Nxf4 32.Nde4 Rd8 33.exd6 Re5 34.g3 Nh5 35.Rde1 Kg7 36.Bd1 f5
37.Bxh5 fxe4 38.Rxe4 Rxe4 39.Rf7+ Kh8 40.Nxe4 Bd4 41.Nf6 Bxf6 42.Rxf6 a5
43.Rxh6+ Kg7 44.Rg6+ Kh7 45.Rf6 b4 46.axb4 axb4 47.Be2 Bb5 48.b3 Re8 49.Bxc4 Bxc4
50.bxc4 b3 51.d7 Rd8 52.Rb6 Rxd7 53.Rxb3 Kg6 54.Kg2 Kf5 55.Kf3 Ke5 56.Kg4 Rc7
57.Re3+ Kd4 58.Re1 Rxc4 59.Kxg5 Kxd5 60.h4 Rc8 61.h5 Rg8+ 62.Kh4 Ra8 63.g4 Ra2
64.h6 Rh2+ 65.Kg5 Re2 66.Rxe2  1-0

[Event "Titled Tue 21st Oct 2025"]
[Site "chess.com INT"]
[Date "2025.10.21"]
[Round "11"]
[White "Carlsen,M"]
[Black "Nakamura,Hi"]
[Result "1/2-1/2"]
[WhiteElo "2839"]
[BlackElo "2816"]

1.e4 e5 2.Nf3 Nc6 3.Bc4 Nf6 4.d3 Be7 5.O-O O-O 6.Re1 d6 7.c3 h6 8.Bb3 Re8
9.Nbd2 Bf8 10.Nf1 Be6 11.Ng3 Bxb3 12.Qxb3 b6 13.d4 Qd7 14.d5 Ne7 15.c4 g6
16.Bd2 Bg7 17.Qb5 Qc8 18.b4 Nd7 19.Qa4 Rf8 20.Qc2 Qe8 21.a4 f5 22.a5 f4 23.Nf1 g5
24.axb6 axb6 25.Rxa8 Qxa8 26.h3 Qa6 27.Qb3 Ra8 28.Bc3 Qc8 29.Rc1 Ng6 30.N3h2 h5
31.f3 Bf8 32.Qb2 Nf6 33.Ra1 Rxa1 34.Qxa1 g4 35.hxg4 hxg4 36.fxg4 Nxg4 37.Qd1 Nf6
38.Nd2 Nh8 39.Nhf3 Qg4 40.Qe2 Nf7 41.Kf1 Qh5 42.Ke1 Ng5 43.Nxg5 Qxg5 44.Qf3 Qg6
45.Ke2 Be7 46.c5 b5 47.c6 Kf7 48.Kf1 Kg8 49.Qd3 Kf7 50.Qe2 Qh7 51.Kg1 Qg6
52.Qxb5 Nxe4 53.Qd3 Nxc3 54.Qxc3 e4 55.Qh3 e3 56.Nf3 Qe4 57.Qh5+ Kf8 58.b5 e2
59.Qh6+ Kf7 60.Qh5+ Kf8 61.Qh8+ Kf7 62.Qh5+ Kf8  1/2-1/2

[Event "Clutch Chess: Champions"]
[Site "Saint Louis USA"]
[Date "2025.10.27"]
[Round "1.1"]
[White "Caruana,F"]
[Black "Nakamura,Hi"]
[Result "1-0"]
[WhiteElo "2789"]
[BlackElo "2816"]

1.e4 c5 2.Nf3 g6 3.Bc4 Bg7 4.O-O e6 5.d4 cxd4 6.Nxd4 a6 7.c3 Ne7 8.Bg5 b5
9.Bd3 O-O 10.Nd2 f6 11.Be3 d5 12.f4 Nbc6 13.Nxc6 Nxc6 14.exd5 exd5 15.Nb3 Re8
16.Qd2 f5 17.Nd4 Qd6 18.Nxc6 Qxc6 19.Bd4 Bxd4+ 20.cxd4 Bd7 21.Rac1 Qf6 22.Be2 Rac8
23.Bf3 Qd6 24.Rxc8 Rxc8 25.Re1 b4 26.h4 h5 27.Rc1 a5 28.Rxc8+ Bxc8 29.Qc1 Ba6
30.Qc5 Qxc5 31.dxc5 d4 32.Kf2 Kf7 33.Bd5+ Ke7 34.a3 Bd3 35.axb4 axb4 36.c6 Be4
37.c7 Kd7 38.Bf7 Kxc7 39.Bxg6 Kd6 40.Bxh5 Ke6 41.Bf3 Bd3 42.Ke1 Kf6 43.Kd2 Ba6
44.g3 Bb5 45.Bd1 Ba6 46.Bc2 Bb5 47.Bd3 Bc6 48.Bc2 Bb5 49.h5 Bc6 50.h6 Be4
51.g4 Kg6 52.gxf5+  1-0

[Event "Clutch Chess: Champions"]
[Site "Saint Louis USA"]
[Date "2025.10.27"]
[Round "2.1"]
[White "Nakamura,Hi"]
[Black "Caruana,F"]
[Result "1-0"]
[WhiteElo "2816"]
[BlackElo "2789"]

1.d4 Nf6 2.c4 g6 3.f3 Bg7 4.e4 O-O 5.Nc3 d6 6.Bg5 c5 7.d5 e6 8.Qd2 exd5 9.cxd5 a6
10.a4 Re8 11.Nge2 Nbd7 12.Ng3 Ne5 13.Be2 c4 14.O-O Bd7 15.a5 b5 16.Na2 h6
17.Be3 h5 18.Nb4 h4 19.Nh1 Nh7 20.f4 Ng4 21.Bxg4 Bxg4 22.Nf2 Nf6 23.Bb6 Qd7
24.Rae1 h3 25.g3 Bf3 26.Bd4 Bg2 27.Qc3 Nh5 28.Bxg7 Nxg7 29.Qf6 Nh5 30.Qg5 Kg7
31.f5 Qe7 32.Qd2 Bxf1 33.Nc6 Qc7 34.Rxf1 Nf6 35.Qf4 Re5 36.fxg6 fxg6 37.Nxh3 Rf8
38.Nxe5 dxe5 39.Qh4 Qc5+ 40.Kg2 Nh7 41.Rxf8 Qxf8 42.Nf2 Nf6 43.Qg5 Qd6 44.Qe3 Qc7
45.Qa3 Ne8 46.Ng4 Nd6 47.Qe3 b4 48.Qh6+ Kg8 49.Nf6+  1-0

[Event "Clutch Chess: Champions"]
[Site "Saint Louis USA"]
[Date "2025.10.27"]
[Round "3.2"]
[White "Nakamura,Hi"]
[Black "Gukesh,D"]
[Result "0-1"]
[WhiteElo "2816"]
[BlackElo "2752"]

1.d4 Nf6 2.c4 e6 3.Nc3 Bb4 4.e3 O-O 5.Bd2 d5 6.Nf3 c5 7.a3 Bxc3 8.Bxc3 cxd4
9.Nxd4 Re8 10.Nf3 Nc6 11.Rc1 e5 12.cxd5 Nxd5 13.Bb5 Bg4 14.Bxc6 bxc6 15.Qa4 e4
16.Nd2 Nxc3 17.Rxc3 Rb8 18.Qc2 Qd5 19.h3 Bc8 20.O-O Ba6 21.Re1 Bd3 22.Qc1 Re6
23.Nf1 h6 24.b4 Rb5 25.Ng3 a5 26.bxa5 c5 27.Qd2 c4 28.Ne2 Ra6 29.Nf4 Qe5
30.Rec1 Rbxa5 31.Qa2 Ra7 32.Ne2 Kh7 33.Nd4 Qc5 34.Ra1 Qb6 35.Qd2 Rb7 36.Rac1 Qa6
37.Ra1 Ra4 38.Qd1 Rb2 39.Qg4 Qf6 40.Qg3 Rb3 41.Rcc1 Rbxa3 42.Rxa3 Rxa3 43.h4 c3
44.Kh2 c2 45.h5 Ra5 46.Qg4 Qxf2  0-1

[Event "Clutch Chess: Champions"]
[Site "Saint Louis USA"]
[Date "2025.10.27"]
[Round "4.2"]
[White "Gukesh,D"]
[Black "Nakamura,Hi"]
[Result "1/2-1/2"]
[WhiteElo "2752"]
[BlackElo "2816"]

1.d4 Nf6 2.c4 g6 3.g3 Bg7 4.Bg2 O-O 5.Nf3 d6 6.O-O Nc6 7.Nc3 Bg4 8.h3 Bxf3
9.Bxf3 Nd7 10.e3 e5 11.d5 Ne7 12.e4 f5 13.h4 f4 14.g4 g5 15.h5 c5 16.a3 Nc8
17.Rb1 Ncb6 18.b3 Qf6 19.Qe2 Rfc8 20.Bd2 Bf8 21.Rfc1 Be7 22.Qe1 Bd8 23.Be2 Qe7
24.f3 Nf6 25.Qf1 a5 26.Nb5 Nbd7 27.Kg2 Bb6 28.Nc3 Ne8 29.Qf2 Bd8 30.Qf1 Nc7
31.Qf2 Ne8 32.Qf1 Nc7 33.Qf2 Ne8 34.Qf1  1/2-1/2

[Event "Clutch Chess: Champions"]
[Site "Saint Louis USA"]
[Date "2025.10.27"]
[Round "5.2"]
[White "Carlsen,M"]
[Black "Nakamura,Hi"]
[Result "0-1"]
[WhiteElo "2839"]
[BlackElo "2816"]

1.d4 Nf6 2.Nc3 d5 3.Bf4 a6 4.e3 h6 5.a3 e6 6.Nf3 c5 7.dxc5 Bxc5 8.Bd3 Nc6
9.e4 O-O 10.O-O b5 11.e5 Nd7 12.Qd2 f6 13.exf6 Qxf6 14.Bg3 Nde5 15.Nxe5 Nxe5
16.Rae1 Nxd3 17.cxd3 Bd7 18.Be5 Qf5 19.d4 Be7 20.Re3 Bg5 21.f4 Be7 22.g4 Qf7
23.Qg2 a5 24.Ne2 b4 25.axb4 axb4 26.Ng3 Bf6 27.g5 hxg5 28.Bxf6 Qxf6 29.Re5 Bb5
30.Rd1 gxf4 31.Nh5 Qh6 32.Qf3 Be8 33.Kh1 Bg6 34.Qg4  0-1

[Event "Clutch Chess: Champions"]
[Site "Saint Louis USA"]
[Date "2025.10.28"]
[Round "7.2"]
[White "Nakamura,Hi"]
[Black "Caruana,F"]
[Result "0-1"]
[WhiteElo "2816"]
[BlackElo "2789"]

1.e4 c5 2.Nf3 Nc6 3.Bc4 e6 4.O-O a6 5.Re1 Nf6 6.d3 d5 7.exd5 Nxd5 8.Bg5 f6
9.Bh4 b5 10.Bb3 Be7 11.a4 b4 12.Nbd2 Na5 13.Ba2 O-O 14.Bg3 Kh8 15.d4 cxd4
16.Nxd4 e5 17.N2b3 exd4 18.Nxa5 Qxa5 19.Bxd5 Qxd5 20.Rxe7 Bf5 21.a5 Rac8
22.Qd2 Bxc2 23.Qxb4 d3 24.Qd2 Bb3 25.Rc7 Rxc7 26.Bxc7 Re8 27.Kf1 Re2 28.Qb4 Bc4  0-1

[Event "Clutch Chess: Champions"]
[Site "Saint Louis USA"]
[Date "2025.10.28"]
[Round "8.2"]
[White "Caruana,F"]
[Black "Nakamura,Hi"]
[Result "0-1"]
[WhiteElo "2789"]
[BlackElo "2816"]

1.c4 e5 2.g3 Nf6 3.Bg2 c6 4.d4 exd4 5.Qxd4 Na6 6.Nf3 Bc5 7.Qe5+ Be7 8.O-O O-O
9.Nc3 Re8 10.Rd1 h6 11.Qf4 Nc7 12.b3 d5 13.Bb2 Bd6 14.Qd2 Bb4 15.Qc2 Qe7
16.cxd5 Ncxd5 17.Nxd5 Nxd5 18.Nd4 Nf6 19.h3 Ba3 20.Bxa3 Qxa3 21.e3 a5 22.Rab1 Bd7
23.Qb2 Qe7 24.a3 Ne4 25.b4 axb4 26.axb4 Ng5 27.Kh2 Ra4 28.Qc2 Rea8 29.h4 Nh7
30.b5 Ra2 31.Rb2 Rxb2 32.Qxb2 cxb5 33.Nxb5 Bc6 34.Nd4 Bxg2 35.Kxg2 Nf6 36.Qc2 g6
37.Rb1 Rd8 38.Rb5 Rd7 39.Qd1 h5 40.Qf3 Ng4 41.Rb2 Kh7 42.Rc2 Rd6 43.Ne2 Re6
44.Rd2 Rf6 45.Nf4 Rf5 46.Rb2 b5 47.Qc6 Rc5 48.Qa8 Qc7 49.Rd2 Rc2 50.Qd5 Rxd2
51.Qxd2 Qb7+ 52.Qd5 Qxd5+ 53.Nxd5 Kg7 54.Kf3 Nf6 55.Nb4 Kf8 56.Kf4 Ke7 57.e4 Nd7
58.Ke3 Kd6 59.f4 Kc5 60.Nd5 Kc4 61.Kd2 Nc5 62.Nf6 Kd4 63.e5 Ne4+ 64.Nxe4 Kxe4
65.Kc3 Kf3  0-1

[Event "Clutch Chess: Champions"]
[Site "Saint Louis USA"]
[Date "2025.10.28"]
[Round "9.1"]
[White "Gukesh,D"]
[Black "Nakamura,Hi"]
[Result "1/2-1/2"]
[WhiteElo "2752"]
[BlackElo "2816"]

1.d4 Nf6 2.c4 e6 3.Nc3 Bb4 4.e3 O-O 5.Bd2 c5 6.d5 exd5 7.cxd5 Bxc3 8.Bxc3 Ne4
9.Bxg7 Nxf2 10.Kxf2 Kxg7 11.Qg4+ Kh8 12.Qf4 d6 13.Nf3 Qe7 14.Bd3 Nd7 15.Rhf1 Nb6
16.e4 f5 17.Kg1 fxe4 18.Qxe4 Qxe4 19.Bxe4 Bf5 20.Ng5 Bxe4 21.Nxe4 Nxd5 22.Nxd6 b6
23.Rae1 Kg8 24.g4 Rad8 25.Nf5 Rfe8 26.Rxe8+ Rxe8 27.Rd1 Nf6 28.g5 Ng4 29.h3 Ne5
30.Kg2 Nc4 31.b3 Ne3+ 32.Nxe3 Rxe3 33.Rd8+ Kg7 34.Rd7+ Kg6 35.Rxa7 Kxg5 36.Rxh7 Re2+
37.Kf3 Rxa2 38.Rb7 Ra3 39.Rxb6 c4 40.Ke3 Rxb3+ 41.Rxb3 cxb3 42.Kd2 Kh4 43.Kc3 Kxh3
44.Kxb3  1/2-1/2

[Event "Clutch Chess: Champions"]
[Site "Saint Louis USA"]
[Date "2025.10.28"]
[Round "10.1"]
[White "Nakamura,Hi"]
[Black "Gukesh,D"]
[Result "1/2-1/2"]
[WhiteElo "2816"]
[BlackElo "2752"]

1.e4 e5 2.Nf3 Nc6 3.Nc3 Nf6 4.Nd5 d6 5.d4 Bg4 6.dxe5 Nxe5 7.Bg5 Be7 8.Nxe7 Qxe7
9.Be2 Bxf3 10.gxf3 h6 11.Be3 d5 12.f4 Qb4+ 13.Qd2 Qxe4 14.O-O-O Nc4 15.Bxc4 Qxc4
16.b3 Qa6 17.Bd4 O-O-O 18.Kb1 Rhe8 19.f3 Re2 20.Qc3 Rd6 21.Bxf6 gxf6 22.Rd2 b6
23.Rxe2 Qxe2 24.Re1 Qxh2 25.Re7 Rd7 26.Re8+ Kb7 27.Qxf6 Qg1+ 28.Kb2 Qc5 29.Qf5 Qc6
30.Rh8 d4 31.Qe4 Rd6 32.f5 Ka6 33.Qd3+ Qb5 34.Qe4 Qc6 35.Qd3+ Qb5 36.Qe4 d3
37.a4 Qd5 38.cxd3 Qxd3 39.Qxd3+ Rxd3 40.Rxh6 c5 41.Rf6 Ka5 42.Rxf7 Kb4 43.Rxa7 Rxb3+
44.Kc2 Rc3+ 45.Kb2 Rxf3 46.Rb7 Rf2+ 47.Kb1 Rxf5 48.Rxb6+ Kxa4 49.Kc2 Ka5
50.Rb8 Rf3 51.Rb7 Rg3 52.Rb8 Rf3 53.Rb7 Rg3 54.Rb8  1/2-1/2

[Event "Clutch Chess: Champions"]
[Site "Saint Louis USA"]
[Date "2025.10.28"]
[Round "11.1"]
[White "Nakamura,Hi"]
[Black "Carlsen,M"]
[Result "0-1"]
[WhiteElo "2816"]
[BlackElo "2839"]

1.e4 d6 2.d4 Nf6 3.Nc3 e5 4.Nge2 c6 5.a4 Be7 6.g3 a5 7.Bg2 Na6 8.O-O O-O
9.h3 h5 10.f4 Nb4 11.Be3 Qc7 12.Nb1 exd4 13.Nxd4 Re8 14.c3 Na6 15.Nd2 Bf8
16.Bf2 Nc5 17.Qc2 Bd7 18.b4 axb4 19.cxb4 Na6 20.Rab1 Rac8 21.N4f3 c5 22.bxc5 Nxc5
23.e5 Bxa4 24.Qa2 dxe5 25.Nxe5 Bc6 26.Nxc6 bxc6 27.Qc4 Nb7 28.Rfc1 Nd6 29.Qa4 Re2
30.Bb6 Qd7 31.Nf1 c5 32.Qxd7 Nxd7 33.Ba5 c4 34.Bb4 Nc5 35.Bf3 Ree8 36.Bc3 Nd3
37.Rc2 h4 38.gxh4 Nxf4 39.h5 Nxh3+ 40.Kh1 Ne4 41.Be1 Nhg5 42.Bg4 Rc5 43.Ne3 Nf6
44.Bf2 Nge4 45.Bg1 Nxg4 46.Nxg4 Rxh5+ 47.Nh2 c3 48.Rd1 Ng3+ 49.Kg2 Re2+ 50.Rxe2 Nxe2
51.Be3 c2 52.Ra1 Bd6 53.Nf3 Bf4 54.Ra8+ Kh7 55.Rc8 Bxe3  0-1

[Event "Clutch Chess: Champions"]
[Site "Saint Louis USA"]
[Date "2025.10.28"]
[Round "12.1"]
[White "Carlsen,M"]
[Black "Nakamura,Hi"]
[Result "1-0"]
[WhiteElo "2839"]
[BlackElo "2816"]

1.e4 c5 2.Nf3 g6 3.d4 cxd4 4.Nxd4 Bg7 5.Nc3 Nc6 6.Be3 Nf6 7.Nxc6 bxc6 8.e5 Ng8
9.Bd4 Qc7 10.f4 Nh6 11.e6 f6 12.exd7+ Bxd7 13.Qf3 Rd8 14.Bc5 Be6 15.Bd3 O-O
16.O-O Rfe8 17.Qe3 Bf7 18.Bxa7 Ng4 19.Qc5 f5 20.Bb6 Qb7 21.Bxd8 Rxd8 22.Ne2 Rd5
23.Qa3 Bxb2 24.Rab1 Rb5 25.Qa4 Bd4+ 26.Qxd4 Rxb1 27.Nc3 Rb4 28.Qc5 Qb8 29.h3 Nf6
30.Qxe7 Nh5 31.Qe5 Qxe5 32.fxe5 Nf4 33.a4 Nxd3 34.cxd3 Rb3 35.Rc1 Ra3 36.Kf2 c5
37.Ke3 Be8 38.Nd5 Kf7 39.Rxc5 g5 40.a5 Bd7 41.g3 h5 42.h4 f4+ 43.gxf4 gxh4
44.Rc7 Ke6 45.Ke4  1-0

[Event "Clutch Chess: Champions"]
[Site "Saint Louis USA"]
[Date "2025.10.29"]
[Round "13.1"]
[White "Caruana,F"]
[Black "Nakamura,Hi"]
[Result "1/2-1/2"]
[WhiteElo "2789"]
[BlackElo "2816"]

1.e4 c5 2.Nf3 g6 3.c4 Bg7 4.d4 cxd4 5.Nxd4 Nc6 6.Be3 Qb6 7.Nb3 Qd8 8.Qd2 d6
9.Nc3 Nf6 10.Be2 Ng4 11.Bxg4 Bxg4 12.Nd4 Be6 13.b3 Qa5 14.O-O O-O 15.Rac1 Rac8
16.Nxc6 bxc6 17.Bh6 Rfd8 18.Bxg7 Kxg7 19.Qe3 f6 20.h3 Bf7 21.Rfd1 Qb6 22.Qe2 Qa5
23.Rd3 g5 24.Rcd1 Qe5 25.Qe3 Rd7 26.Qd4 Qxd4 27.Rxd4 c5 28.R4d3 Be6 29.f3 Rb7
30.Kf2 a5 31.Kg3 Ra8 32.Rc1 Bd7 33.Nd5 Kf7 34.h4 h6 35.hxg5 hxg5 36.Rh1 Be6
37.f4 gxf4+ 38.Kxf4 Rg8 39.Rh7+ Rg7 40.Rxg7+ Kxg7 41.g4 Kg6 42.Rg3 Kf7 43.g5 fxg5+
44.Kxg5 Rb8 45.Kf4 Rh8 46.Nc3 Rh5 47.Ke3 Bd7 48.Rf3+ Ke8 49.Rg3 Kf7 50.Rf3+ Ke8
51.Rg3 Be6 52.Kd3 Rh2 53.Ne2 Kf7 54.Rf3+ Ke8 55.Rg3 Kf7 56.Rf3+ Ke8 57.Rg3 Kd7
58.a4 Bh3 59.Nf4 Be6 60.Rg7 Rf2 61.Nd5 Bxd5 62.exd5 Rf8 63.Kc3 Rh8 64.Rf7 Rg8
65.Rh7 Rf8 66.Rg7 Rh8 67.Rf7 Rg8 68.Rh7 Rf8  1/2-1/2

[Event "Clutch Chess: Champions"]
[Site "Saint Louis USA"]
[Date "2025.10.29"]
[Round "14.1"]
[White "Nakamura,Hi"]
[Black "Caruana,F"]
[Result "0-1"]
[WhiteElo "2816"]
[BlackElo "2789"]

1.e4 c5 2.Nf3 e6 3.c3 d5 4.exd5 Qxd5 5.d4 Nf6 6.Na3 Nc6 7.Be3 Ng4 8.Bd3 cxd4
9.Nb5 Nxe3 10.fxe3 Qd8 11.Nbxd4 Bd7 12.Qe2 g6 13.O-O-O Bg7 14.Nxc6 bxc6 15.h4 Qa5
16.Bc4 Rb8 17.Rd3 c5 18.Ng5 Bb5 19.Bxb5+ Qxb5 20.Rhd1 O-O 21.Qc2 Qc4 22.Kb1 Qxh4
23.Nf3 Qe4 24.Ka1 c4 25.R3d2 Qxe3 26.Nd4 Rb6 27.Qa4 Bxd4 28.Rxd4 Rfb8 29.Qxa7 R8b7
30.Qa8+ Kg7 31.R4d2 Rb5 32.Qd8 h5 33.Qh4 Qc5 34.Rf1 Qg5 35.Qd4+ e5 36.Qf2 Qe7
37.Qe2 Qe6 38.Rfd1 Qg4 39.Qe1 Ra5 40.Qe3 Rab5 41.Rf1 Qe6 42.Rfd1 Qe7 43.Qe4 Qc7
44.g4 hxg4 45.Qxg4 Qb6 46.Qe2 Qe6 47.Rh1 Qf5 48.Qxc4 e4 49.Rdh2 Rd7 50.Qc6 Rbd5
51.Rh7+ Kf8 52.Qa4 e3 53.Rh8+ Ke7 54.Re1 Qf3 55.Qb4+ R7d6 56.Rhh1 e2 57.a4 Rd1+
58.Ka2 Kf6 59.Qh4+ g5 60.Qh6+ Kf5 61.Qh7+ Ke6 62.Qc2 Kd7 63.Qb3 Qd5 64.c4 Qd3
65.Qb5+ Kc7 66.Qc5+ Kb7 67.a5 Qb1+ 68.Ka3 R6d3+ 69.Ka4 Qa2+ 70.Kb5 Rb3+  0-1